Calixto García Iñiguez, estratega / (Record no. 104747)

MARC details
000 -LEADER
campo de control de longitud fija 00611nam a2200169 i 4500
001 - NÚMERO DE CONTROL
campo de control 104747
003 - IDENTIFICADOR DE NÚMERO DE CONTROL
campo de control ES-MaACL
005 - FECHA Y HORA DE LA ÚLTIMA TRANSACCIÓN
campo de control 20230906183658.0
007 - CAMPO FIJO DE DESCRIPCIÓN FÍSICA--INFORMACIÓN GENERAL
campo de control de longitud fija t|
008 - DATOS DE LONGITUD FIJA--INFORMACIÓN GENERAL
campo de control de longitud fija 051212s1951 cu ||||1| spa d
100 1# - ENTRADA PRINCIPAL--NOMBRE DE PERSONA
Nombre de persona Miranda y de la Rua, Luis Rodolfo.
9 (RLIN) 81559
245 10 - MENCIÓN DEL TÍTULO
Título Calixto García Iñiguez, estratega /
Mención de responsabilidad, etc. trabajo leído por el ... Comandante Luis Rodolfo Miranda y de la Rúa.
260 ## - PUBLICACIÓN, DISTRIBUCIÓN, ETC.
Lugar de publicación, distribución, etc. La Habana :
Nombre del editor, distribuidor, etc. [s.n.],
Fecha de publicación, distribución, etc. 1951 (
Fabricante Imp. El Siglo XX)
300 ## - DESCRIPCIÓN FÍSICA
Extensión 1 lám. ret. biog., 41 p. ;
Dimensiones 24 cm.
500 ## - NOTA GENERAL
Nota general Precede al tít.: Academia de la Histora de Cuba.
852 ## - LOCALIZACIÓN
Ubicación ES-MaACL
Número de control de estantería 1908-F-27
Sublocalización o colección R.31042
Holdings
Estatus retirado Estado de pérdida Estado de daño No para préstamo Colección Biblioteca de origen Biblioteca actual Ubicación en estantería Fecha de adquisición Fuente de adquisición Total de préstamos Signatura topográfica completa Código de barras Visto por última vez Precio de reemplazo Tipo de ítem Koha
        Colección de folletos Biblioteca del Ateneo de Madrid Biblioteca del Ateneo de Madrid Depósito folletos 17/01/2008     1908-F-27 1109359 23/02/2023 23/02/2023 Folleto